Pays où l'on voyage le plus en train - Statistiques

Statistiques générales
  • Ce quiz a été pris 25 063 fois
  • Le résultat moyen est 14 sur 20
Statistiques - réponses
km Pays % Correct
1,609 France
99%
1,179 Allemagne
95%
963 Chine
94%
3,464 Japon
92%
920 Italie
91%
897 Russie
91%
1,205 Royaume-Uni
88%
2,433 Suisse
79%
850 Inde
78%
885 Belgique
77%
1,340 Suède
74%
847 Norvège
72%
1,090 Pays-Bas
71%
821 Finlande
69%
1,488 Autriche
67%
1,740 Corée du Sud
66%
1,143 Danemark
60%
964 Tchéquie
45%
912 Taiwan
19%
1,032 Kazakhstan
18%
Aucun quiz correspondant
Distribution des résultats
% des personnes avec chaque résultat
Percentile par nombre de réponses
Votre historique - résultats
Vous n’avez pas pris ce quiz